Informe sobre el desarrollo mundial 2007 : (Registro nro. 14310)

Detalles MARC
000 -LIDER
fixed length control field 01898nam a2200337 a 4500
001 - NÚMERO DE CONTROL
Identificador de número de control
003 - IDENTIFICACDOR DE NÚMERO DE CONTROL
control field DO-SdBNP
005 - DATE AND TIME OF LATEST TRANSACTION
control field 20221019134502.0
008 - ELEMENTOS DE LONGITUD FIJA
fixed length control field 090820s2006 Co 000 spa d
020 ## - ISBN
International Standard Book Number 9789588307060.
040 ## - FUENTE DE CATALOGACIÓN
Agencia que crea de manera original el registro DO-SdBNP
Idioma de catalogación spa
Agencia que realiza la transcripción BPMSU
082 ## - NÚMERO DE CLASIFICACIÓN DECIMAL DE DEWEY
Classification number 338.91
Item number I38s 2006
Edition number 22
110 2# - ASIENTO PRINCIPAL--NOMBRE CORPORATIVO
Nombre corporativo o de jurisdicción Banco Mundial.
245 10 - MENCIÓN DE TITULO
Título Informe sobre el desarrollo mundial 2007 :
Subtítulo el desarrollo y la nueva generación
260 ## - PUBLICACIÓN, DISTRIBUCIÓN, ETC. (PIE DE IMPRENTA)
Lugar de publicación, distribución, etc Bogotá, Colombia :
Nombre del editor, distribuidor, etc. Banco Mundial,
Fecha de publicación, distribución, etc 2006.
300 ## - DESCRIPCIÓN FÍSICA
Extensión xviii, 263 p. :
Otros detalles físicos il.,gráfs. ;
Dimensiones 28 cm.
500 ## - NOTA GENERAL
Nota general Documento del Banco Mundial
500 ## - NOTA GENERAL
Nota general Texto a dos columnas
504 ## - NOTA DE BIBLIOGRAFÍA, ETC.
Bibliography, etc Referencias bibliográficas ; 207-228
505 0# - NOTA DE CONTENIDO
Texto normalizado de contenido Panorama general 1 -- ¿Por qué ahora y cómo ? 21 -- La juventud, la reducción de la pobreza y el crecimiento 22 -- Posibilidades, capacidades y segundas oportunidades : marco de referencia para las políticas 39 -- Transiciones 58 -- Aprender para el trabajo y la vida 58 -- Salir a trabajar 81 -- Crecer en forma saludable 102 -- Formar familias 121 -- Ejercer la ciudadanía 134 -- Moverse y comunicarse a través de las fronteras 156 -- Políticas para los jóvenes : hacerlo bien y lograrlo bien 177 -- Notas bibliográficas 191 -- Notas 193 -- Referencias 207 -- Indicadores seleccionados 229 -- Indicadores seleccionados del desarrollo mundial 243
590 ## - NOTA LOCAL
Enlace Inventariado, 2021/VM
650 ## - ENCABEZAMIENTO DE MATERIA--TEMÁTICO
Término temático o nombre geográfico como elemento de entrada Desarrollo económico
Subdivisión geográfica Países en desarrollo
Subdivisión cronológica 2007
Subdivisión de forma Informe
650 #4 - ENCABEZAMIENTO DE MATERIA--TEMÁTICO
Término temático o nombre geográfico como elemento de entrada Desarrollo científico y tecnológico
Subdivisión de forma Informes.
651 #4 - ENCABEZAMIENTO DE MATERIA--NOMBRE GEOGRÁFICO
Nombre geográfico Países en desarrollo
Subdivisión temática general Indicadores económicos
Subdivisión cronológica 2007
651 #4 - ENCABEZAMIENTO DE MATERIA--NOMBRE GEOGRÁFICO
Nombre geográfico Países en desarrollo
Subdivisión temática general Política económica
Subdivisión cronológica 2007
710 2# - ASIENTO SECUNDARIO -- NOMBRE CORPORATIVO
Nombre corporativo o de jurisdicción Banco Internacional de Reconstrucción y Fomento
710 2# - ASIENTO SECUNDARIO -- NOMBRE CORPORATIVO
Nombre corporativo o de jurisdicción Banco Interamericano de Desarrollo (República Dominicana)
710 2# - ASIENTO SECUNDARIO -- NOMBRE CORPORATIVO
Nombre corporativo o de jurisdicción Banco Mundial (República Dominicana)
910 ## - VALIDACIÓN
Validación VMateo V./Validado
942 ## - ADDED ENTRY ELEMENTS (KOHA)
Source of classification or shelving scheme Dewey Decimal Classification
Koha item type Libros
Existencias
Withdrawn status Lost status Source of classification or shelving scheme Damaged status Not for loan Collection code Home library Current library Date acquired Total Checkouts Full call number Barcode Date last seen Price effective from Koha item type Copy number
    Dewey Decimal Classification     Colección Dominicana Biblioteca Pública Metropolitana Salomé Ureña Biblioteca Pública Metropolitana Salomé Ureña 10/19/2022   BPMSU CG 338.91 B213i 2007 BPMSU22100065 10/19/2022 10/19/2022 Libros  
    Dewey Decimal Classification     Colección Dominicana Biblioteca Pública Metropolitana Salomé Ureña Biblioteca Pública Metropolitana Salomé Ureña 10/19/2022   BPMSU CG 338.91 B213i 2007 BPMSU22100066 10/19/2022 10/19/2022 Libros e.2
    Dewey Decimal Classification     Colección Dominicana Biblioteca Pública Metropolitana Salomé Ureña Biblioteca Pública Metropolitana Salomé Ureña 10/19/2022   BPMSU CG 338.91 B213i 2007 BPMSU22100067 10/19/2022 10/19/2022 Libros e.3